Zmierňovanie kurzového rizika pomocou derivátov

Guardado en:
Detalles Bibliográficos
Autor principal: Czillingová, Jana
Formato: Capítulo de libro
Lenguaje:eslovaco
Etiquetas: Agregar Etiqueta
Sin Etiquetas, Sea el primero en etiquetar este registro!

MARC

LEADER 00000naa$a2200000$$$4500
001 0160281
005 20240502072759.9
041 0 |a slo 
044 |a SK 
245 1 0 |a Zmierňovanie kurzového rizika pomocou derivátov  |c Jana Czillingová 
100 1 |a Czillingová, Jana